1118 1562 1906 1979 1635 1686 1212 1126 1036 1877 1945 1142 1715 1434 1438 1711 1499 1719 1399 1858 1067 1468 1613 1475 1849 1409 1819 1371 1018 1034 1459 1012 1017 1362 1429 1450 1764 1776 1513 1026 1604 1154 1987 1956 1330 1462 1735 1747 1206 1168 1328 1130 1536 1470 1158 1410 1932 1184 1089 1925 1129 1208 1862 1615 1062 1702 1401 1484 1740 1987 1450 1659 1962 1301 1983 1471 1612 1976 1633 1541 1373 1087 1075 1712 1526 1712 1095 1359 1214 1108 1886 1308 1257 1972 1874 1587 1755 1021 1246 BCNSPRNW ULIB Ver.6.0+V

เปลี่ยนเป็นภาษาไทย

Change to English
 แสดงรายละเอียดบรรณานุกรม
  กลับหน้าหลัก

Brief Record : Get Marc (ISO 2709) : E-mail record : QR code < ปิดหน้าต่าง
LEADER : 00000nam 2200000uu 4500
001    13399111347
003     ULIB
008    110623s2551||||th 000 0 tha d
020    9742918651
060  4 QU4^bร326ช 2551
110 1  กระทรวงสาธารณสุข.^bสถาบันพระบรมราชชนก.^bโครงการสวัสดิการวิชาการ.
245 00 ชีวเคมี/^cรัชฎา แก่นสาร์,บรรณาธิการ
250    พิมพ์คร้งที่ 7
260    กรุงเทพฯ:^bโครงการสวัสดิการวิชาการสถาบันพระบรมราชชนก:^c2551
300    583 หน้า:^bภาพประกอบ
650  7 กรด เบส
650  7 คาร์โบไฮเดรต
650  7 ชีวเคมี
650  7 น้ำและอิเล็กโทรไลต์
650  7 โปรตีน
650  7 วิตามินและเกลือแร่
650  7 เอนไซม์
945    ^p190^l0^i16583
945    ^p190^l0^i16582
945    ^p190^l0^i16581
945    ^p190^l0^i16580
945    ^p190^l0^i16579
945    ^p190^l0^i19363
945    ^p190^l0^i19364
945    ^p190^l0^i19365
995    กัณชพร
999    ^aใช้งานได้ทุกระบบ
รายการนี้ยังไม่มีแท็ก
คุณยังไม่ได้ล็อกอิน คุณสามารถมีกิจกรรมร่วมกับเว็บไซต์ได้ แต่ต้องล็อกอินก่อน ::
  ล็อกอิน

รายการสื่อสารสนเทศ

ลำดับที่ ประเภท เลขเรียก/บาร์โค้ด สถานที่ สถานะ
1. วิทยาศาสตร์การแพทย์ และสุขภาพ
วิทยาศาสตร์การแพทย์ และสุขภาพ
QU4 ร326ช 2551  
  Barcode: 16579
ห้องสมุดวิทยาเขตสวรรค์ประชารักษ์
►ส่วนจัดเก็บหนังสือเก่า สปร
บนชั้น
  ขอยืม
2. วิทยาศาสตร์การแพทย์ และสุขภาพ
วิทยาศาสตร์การแพทย์ และสุขภาพ
QU4 ร326ช 2551 ฉ.2 
  Barcode: 16580
ห้องสมุดวิทยาเขตสวรรค์ประชารักษ์
►ส่วนจัดเก็บหนังสือเก่า สปร
บนชั้น
  ขอยืม
3. วิทยาศาสตร์การแพทย์ และสุขภาพ
วิทยาศาสตร์การแพทย์ และสุขภาพ
QU4 ร326ช 2551 ฉ.3 
  Barcode: 16581
ห้องสมุดวิทยาเขตสวรรค์ประชารักษ์
►ส่วนจัดเก็บหนังสือเก่า สปร
บนชั้น
  ขอยืม
4. วิทยาศาสตร์การแพทย์ และสุขภาพ
วิทยาศาสตร์การแพทย์ และสุขภาพ
QU4 ร326ช 2551 ฉ.4 
  Barcode: 16582
ห้องสมุดวิทยาเขตสวรรค์ประชารักษ์
►ส่วนจัดเก็บหนังสือเก่า สปร
บนชั้น
  ขอยืม
5. วิทยาศาสตร์การแพทย์ และสุขภาพ
วิทยาศาสตร์การแพทย์ และสุขภาพ
QU4 ร326ช 2551 ฉ.5 
  Barcode: 16583
ห้องสมุดวิทยาเขตสวรรค์ประชารักษ์
►ส่วนจัดเก็บหนังสือเก่า สปร
บนชั้น
  ขอยืม
6. วิทยาศาสตร์การแพทย์ และสุขภาพ
วิทยาศาสตร์การแพทย์ และสุขภาพ
QU4 ร326ช 2551 ฉ.6 
  Barcode: 19363
ห้องสมุดวิทยาเขตสวรรค์ประชารักษ์
►ส่วนจัดเก็บหนังสือเก่า สปร
บนชั้น
  ขอยืม
7. วิทยาศาสตร์การแพทย์ และสุขภาพ
วิทยาศาสตร์การแพทย์ และสุขภาพ
QU4 ร326ช 2551 ฉ.7 
  Barcode: 19364
ห้องสมุดวิทยาเขตสวรรค์ประชารักษ์
►ส่วนจัดเก็บหนังสือเก่า สปร
บนชั้น
  ขอยืม
8. วิทยาศาสตร์การแพทย์ และสุขภาพ
วิทยาศาสตร์การแพทย์ และสุขภาพ
QU4 ร326ช 2551 ฉ.8 
  Barcode: 19365
ห้องสมุดวิทยาเขตสวรรค์ประชารักษ์
►ส่วนจัดเก็บหนังสือเก่า สปร
บนชั้น
  ขอยืม

รายการใกล้เคียง
    หัวเรื่อง [กรด เบส]
    หัวเรื่อง [คาร์โบไฮเดรต]
    หัวเรื่อง [ชีวเคมี]
    หัวเรื่อง [น้ำและอิเล็กโทรไลต์]
    หัวเรื่อง [โปรตีน]
    หัวเรื่อง [วิตามินและเกลือแร่]
    หัวเรื่อง [เอนไซม์]

BibComment


ยังไม่เคยถูกคอมเมนท์

คอมเมนท์ทรัพยากรรายการนี้
  คอมเมนท์: ชีวเคมี รัชฎา แก่..


 Copyright 2026. Bcnsprnw @Library